| 000 | 00839nam a2200217 a 4500 | ||
|---|---|---|---|
| 003 | 0 | ||
| 005 | 20250303081951.0 | ||
| 008 | 100902s19uu xx 00 eng d | ||
| 050 |
_aPGS BF 723.B85 _b.It88 2010 |
||
| 100 | _aItchon, Ernest Ivan B. | ||
| 245 |
_aPerceived effects of bullying on Southville students / _cErnest Ivan B. Itchon. |
||
| 260 |
_aLas PiƱas City, Philippines : _bSouthville International School and Colleges, _c2010. |
||
| 300 |
_a57 pages : _billustrations ; _c28 cm. |
||
| 504 | _aIncludes bibliographical references. | ||
| 650 |
_aBullying in schools _vPsychological aspects. |
||
| 650 |
_aBullying _vCoping mechanisms. |
||
| 650 |
_aVictims of bullying _vPsychological effects. |
||
| 650 |
_aSchool children _vPsychological stress. |
||
| 650 | _aSocial adjustment in children. | ||
| 942 |
_2lcc _cPASS |
||
| 999 |
_c98324 _d98324 |
||